Vyhláška MZSV SR č. 151/1988 Zb. a súvisiace predpisy o sociálnom zabezpečení. 1.
Vyhláška MZaSV SR, ktorou sa vykonáva zákon o sociálnom zabezpečení a zákon SNR o pôsobnosti orgánov SR v sociálnom zabezpečení. Právne normy týkajúce sa tejto oblasti. Časti vyhlášky: Orgány sociálneho zabezpečenia. Podmienky a spôsob poskytovania sociálnej starostlivosti. Poskytovanie dávok a služ...
Uložené v:
| Médium: | Kapitola |
|---|---|
| Jazyk: | Slovak |
| Predmet: | |
| Tagy: |
Žiadne tagy, Buďte prvý, kto otaguje tento záznam!
|
MARC
| LEADER | 00000naa a2200000 4500 | ||
|---|---|---|---|
| 001 | r011150 | ||
| 005 | 20220831085648.0 | ||
| 041 | 0 | |a slo | |
| 044 | |a [CS] | ||
| 245 | 1 | 0 | |a Vyhláška MZSV SR č. 151/1988 Zb. a súvisiace predpisy o sociálnom zabezpečení. 1. |
| 520 | |a Vyhláška MZaSV SR, ktorou sa vykonáva zákon o sociálnom zabezpečení a zákon SNR o pôsobnosti orgánov SR v sociálnom zabezpečení. Právne normy týkajúce sa tejto oblasti. Časti vyhlášky: Orgány sociálneho zabezpečenia. Podmienky a spôsob poskytovania sociálnej starostlivosti. Poskytovanie dávok a služieb sociálnej starostlivosti. | ||
| 610 | 2 | 0 | |a zabezpečenie sociálne |
| 610 | 2 | 0 | |a vyhlášky |
| 610 | 2 | 0 | |a smernice |
| 610 | 2 | 0 | |a zákony |
| 610 | 2 | 0 | |a Slovensko |